000 00438nam a2200181Ia 4500
008 090124s9999 xx 000 0 und d
082 _b129577
100 _aमाळवदे रमण
245 _a मेडल
250 _a1
260 _c2000
300 _a119
600 _aमाळवदे रमण
630 _a मेडल
700 _aमाळवदे रमण
730 _a मेडल
942 _cBOOK
999 _c175666
_d175666